| 000 | 00567nam a2200169 a 4500 | ||
|---|---|---|---|
| 001 | 000042260 | ||
| 005 | 20201002040034.0 | ||
| 008 | 131120s2003 mx 000 0 spa d | ||
| 020 | _a9681912195 | ||
| 040 |
_aDO-SdBNP _bspa _cBNPHU |
||
| 082 |
_axxxx _bxxxx |
||
| 100 | 1 |
_aMyoki Lehrhaupt, Linda _969289 |
|
| 240 | 1 | 0 |
_aT´ai chi as a path of wisdom _f2001 |
| 245 | 1 | 0 |
_aTai chi. : _bun camino de sabiduría para el crecimiento personal / _cLinda Myoki Lehrhaupt; traducción, Marta Mauri. |
| 260 |
_aMéxico, : _bAlamah, _c2003. |
||
| 700 | 1 |
_aMauri, Marta _etrad. _969290 |
|
| 999 |
_c41749 _d41749 |
||